Gotická a renesanční polyfonie flauti dolci in C (flauti, violini) e chitarra

Other Authors: Dufay, Guillaume, asi 1397-1474, Dunstable, John, asi 1390-1453, Gastoldi, Giovanni Giacomo, 1550-1622, Lasso, Orlando di, asi 1532-1594, Morley, Thomas, 1557-1602, John, of Fornsete, -1239
Language: Czech
Published: Praha : ARED, 1998
Series: Drobnosti mistrů
Physical Description: 1 partitura (12 s.) ; 30 cm + 2 hlasy.
Musical Score Musical Score
Saved in:
LEADER 01768ncm a2200457 a 4500
001 000267154
003 CZ BrMZK
005 20160804143943.0
008 950101s1998 xr f cze d
024 2 |a M706504049 
028 0 3 |b ARED 
040 |a BOA001  |b cze 
080 |a 787.1.087.2  |2 MRF 
080 |a 788.52.087.2  |2 MRF 
245 0 0 |a Gotická a renesanční polyfonie  |h [hudebnina] :  |b flauti dolci in C (flauti, violini) e chitarra 
246 3 3 |a O rosa bella 
246 3 3 |a Summer is comen in 
246 3 3 |a Viver lieto voglio 
246 3 |a Polyphony of the middle ages and the renaissance 
246 3 2 |a Adieu, quitte le demerant 
246 3 3 |a Flos florum 
246 3 3 |a Gallans qui par terre 
246 3 3 |a Matona mia cara 
246 3 3 |a Now is the month of Maying 
260 |a Praha :  |b ARED,  |c 1998 
300 |a 1 partitura (12 s.) ;  |c 30 cm +  |e 2 hlasy. 
490 1 |a Drobnosti mistrů ;  |v 34 
505 2 |a Summer is comen in, Flos florum, Adieu, quitte le demeurant ... [et al.] 
653 0 |a housle(2)  |a renesanční hudba  |a středověká hudba  |a zobcová flétna(2) 
700 1 |a Dufay, Guillaume,  |d asi 1397-1474  |7 jn20000700444  |4 cmp 
700 1 |a Dunstable, John,  |d asi 1390-1453  |7 ola2002150814  |4 cmp 
700 1 |a Gastoldi, Giovanni Giacomo,  |d 1550-1622  |7 jn20030924039  |4 cmp 
700 1 |a Lasso, Orlando di,  |d asi 1532-1594  |7 jn20000603669  |4 cmp 
700 1 |a Morley, Thomas,  |d 1557-1602  |7 xx0022877  |4 cmp 
700 0 |a John,  |c of Fornsete,  |d -1239  |7 mzk2010609240  |4 cmp 
830 0 |a Drobnosti mistrů 
910 |a BOA001  |b Mus4-1060.374 
964 |a Housle(2) a kytara  |x HUD 
964 |a Flétna zobcová(2) a kytara  |x HUD 
990 |a MU 
996 6 |b 2610094581  |c Mus4-1060.374  |l MZK  |r Sklad / do 1 hodiny  |n 27  |p p.v.  |w 000267154  |u 000010  |a 1  |e BOA001  |j MZK50  |s P